000 00858cab a2200265 4500
001 ABS58875
008 090401t1998 xxu||||| |||| 00| 0 eng d
035 _a(Sirsi) u87027
041 _aeng
100 _aSeidl, A.
245 _aExorcising blight
260 _c1998
350 _a0
490 _aEstates Gazette
_v(9824) 13 June 1998, 60-61(2)
520 _aConsiders the government`s rescue plan for the Channel Tunnel rail link in the context of blight and compulsory purchase and compensation issues.
650 _aBLIGHT
650 _aCHANNEL TUNNEL RAIL LINK
650 _aCOMPENSATION
650 _aCompulsory purchase
_96228
650 _aPROPERTY INDUSTRY GROUP
650 _aRICS
690 _aENVIRONMENTAL AND LAND CONSULTANCY-PLANNING AND DEVELOPMENT-COMPULSORY PURCHASE AND COMPENSATION
942 _n0
948 _c25/06/1998
999 _c54825
_d54825